[Event "Unna Open 2022"]
[Site "Unna"]
[Date "2022.12.29"]
[Round "6.12"]
[White "Merz, Martin"]
[Black "Kamper, Marco"]
[Result "1-0"]
[WhiteElo "1967"]
[BlackElo "1635"]
[Annotator "Medger,Gernot"]
[PlyCount "115"]
[EventDate "2022.12.??"]
[EventType "tourn"]
[EventRounds "7"]
[EventCountry "GER"]

1. d4 f5 2. g3 Nf6 3. Bg2 d6 4. c4 g6 5. Nc3 Bg7 6. Nf3 O-O 7. O-O Qe8 8. e4
fxe4 9. Ng5 c6 10. Ngxe4 Nxe4 11. Nxe4 Qf7 12. d5 c5 13. Qe2 h6 14. Rb1 a5 15.
b3 Na6 16. Bd2 Nc7 17. h3 Bd7 18. a4 Kh7 19. Qd3 Kg8 20. g4 b6 21. Kh1 h5 22.
Ng5 Qf6 23. gxh5 Bf5 24. Be4 Bh6 25. Rg1 Bxg5 26. Rxg5 Bxe4+ 27. Qxe4 Qf3+ 28.
Qxf3 Rxf3 29. Kg2 Raf8 30. Be3 R3f6 31. hxg6 Kg7 32. h4 Rxg6 33. f4 Rxg5+ 34.
hxg5 Kg6 35. Rh1 Rf7 36. Kf3 Kf5 37. Rh2 Rg7 38. Rh8 Rf7 39. Rb8 e6 40. dxe6
Nxe6 41. Rxb6 Rd7 42. Rb5 Ra7 43. Rb6 Rd7 44. Ra6 d5 45. cxd5 Rxd5 46. Rxa5 Rd3
47. b4 Rc3 48. Kf2 Rc2+ 49. Kf3 Rc3 50. Ke2 Ke4 51. Bxc5 Nxf4+ 52. Kd2 Rd3+ 53.
Kc2 Rd5 54. Kc3 Rxg5 55. Kc4 Rg6 56. Ra8 Re6 57. Rd8 Ne2 58. a5 1-0

[Event "Unna Open 2022"]
[Site "Unna"]
[Date "2022.12.29"]
[Round "6.13"]
[White "Raabe, Stefan"]
[Black "Hammerschmidt, Martin"]
[Result "1-0"]
[WhiteElo "1931"]
[BlackElo "1583"]
[Annotator "Medger,Gernot"]
[PlyCount "55"]
[EventDate "2022.12.??"]
[EventType "tourn"]
[EventRounds "7"]
[EventCountry "GER"]

1. e4 c5 2. f4 d5 3. exd5 Qxd5 4. Nc3 Qd8 5. Nf3 Nc6 6. Bc4 Nf6 7. d3 Bg4 8. h3
Bd7 9. Ne5 e6 10. Nxd7 Qxd7 11. Be3 Rc8 12. Ne4 Na5 13. Nxf6+ gxf6 14. a4 a6
15. Ba2 Bd6 16. O-O Nc6 17. c3 f5 18. Qh5 Be7 19. Rad1 O-O 20. g4 Kh8 21. Kf2
Bf6 22. gxf5 Ne7 23. fxe6 fxe6 24. d4 Nf5 25. dxc5 Bh4+ 26. Qxh4 Qxd1 27. Rxd1
Nxh4 28. Bd4+ 1-0

[Event "Unna Open 2022"]
[Site "Unna"]
[Date "2022.12.29"]
[Round "6.14"]
[White "Pinno, Gregor"]
[Black "Neumann, Helena"]
[Result "1-0"]
[WhiteElo "1911"]
[BlackElo "1575"]
[Annotator "Medger,Gernot"]
[PlyCount "68"]
[EventDate "2022.12.??"]
[EventType "tourn"]
[EventRounds "7"]
[EventCountry "GER"]

1. e4 c6 2. d4 d5 3. e5 c5 4. c3 cxd4 5. cxd4 Nc6 6. Nc3 Bf5 7. h4 h5 8. Bd3
Nxd4 9. Qa4+ Nc6 10. Bxf5 e6 11. Bd3 d4 12. Ne4 Qc7 13. Nf3 O-O-O 14. O-O Kb8
15. Bf4 Nge7 16. Rac1 Nd5 17. Bg3 Qb6 18. Qb5 Ncb4 19. Qxb6 Nxb6 20. Bb1 Be7
21. a3 Nc6 22. Nfg5 Bxg5 23. hxg5 h4 24. Bh2 Na5 25. Nd6 Rd7 26. Ba2 Nc8 27.
Nxc8 Rxc8 28. Rxc8+ Kxc8 29. g6 Kd8 30. gxf7 Rxf7 31. Bxe6 Re7 32. Bg4 g5 33.
f4 gxf4 34. Bxf4 Nc6 1-0

[Event "Unna Open 2022"]
[Site "Unna"]
[Date "2022.12.29"]
[Round "6.15"]
[White "Hart, Klaus"]
[Black "Barskij, Aleksandr"]
[Result "1-0"]
[WhiteElo "1784"]
[BlackElo "1866"]
[Annotator "Medger,Gernot"]
[PlyCount "143"]
[EventDate "2022.12.??"]
[EventType "tourn"]
[EventRounds "7"]
[EventCountry "GER"]

1. Nf3 Nf6 2. c4 g6 3. b3 Bg7 4. Bb2 O-O 5. e3 c6 6. d4 d5 7. Be2 Bg4 8. O-O
Nbd7 9. Nbd2 Re8 10. Rc1 Ne4 11. cxd5 cxd5 12. Nxe4 dxe4 13. Nd2 Bxe2 14. Qxe2
Qa5 15. a3 Nf6 16. Rc5 Qb6 17. Rfc1 Rad8 18. b4 Qe6 19. h3 Rd5 20. Qc4 Red8 21.
Rc7 R8d7 22. Rc8+ Bf8 23. a4 Qd6 24. Ba3 Rd8 25. Rc3 Qd7 26. Rxd8 Qxd8 27. Qc7
Qd7 28. b5 Qxc7 29. Rxc7 Rd7 30. Rxd7 Nxd7 31. Nxe4 Nb6 32. Nc3 e5 33. Bc5 exd4
34. exd4 Bg7 35. a5 Nc4 36. Bxa7 Nxa5 37. Ne4 Nc4 38. d5 f5 39. Ng5 Nd6 40. b6
Bf8 41. Ne6 Nc8 42. Kf1 Be7 43. Ke2 Kf7 44. Kd3 Ke8 45. Kd4 Bf6+ 46. Kc4 Nd6+
47. Kd3 Be7 48. Bb8 Kd7 49. Nc5+ Kc8 50. Bxd6 Bxd6 51. Kd4 Kb8 52. g3 Kc8 53.
f4 Kb8 54. Nd3 Kc8 55. Ne5 Be7 56. Kc4 Kd8 57. Nf7+ Kd7 58. Ng5 h6 59. Nf3 Bf6
60. Kc5 Be7+ 61. Kd4 g5 62. Ne5+ Kd8 63. Nf7+ Ke8 64. Nxh6 gxf4 65. gxf4 Bd6
66. Nxf5 Bxf4 67. h4 Bh2 68. h5 Kf7 69. Ke4 Bg1 70. Nd6+ Kf6 71. Nc8 Kg5 72. d6
1-0

[Event "Unna Open 2022"]
[Site "Unna"]
[Date "2022.12.29"]
[Round "6.16"]
[White "Gehring, Sven"]
[Black "Ioffe, Leon"]
[Result "1/2-1/2"]
[WhiteElo "1843"]
[BlackElo "1412"]
[Annotator "Medger,Gernot"]
[PlyCount "50"]
[EventDate "2022.12.??"]
[EventType "tourn"]
[EventRounds "7"]
[EventCountry "GER"]

1. e4 d5 2. exd5 Nf6 3. d4 Bg4 4. Nf3 Qxd5 5. Be2 Nc6 6. O-O O-O-O 7. Be3 e6 8.
h3 Bh5 9. Nbd2 Be7 10. Bc4 Bxf3 11. Bxd5 Bxd1 12. Bxc6 Bxc2 13. Rfc1 Bg6 14.
Bf3 Kb8 15. Nc4 Be4 16. Ne5 Bxf3 17. Nxf3 Nd5 18. Bd2 Bb4 19. Bxb4 Nxb4 20. Rc4
Nd5 21. Rac1 f6 22. g4 Rd7 23. Kh2 Rhd8 24. Kg3 c6 25. b4 Nb6 1/2-1/2

[Event "Unna Open 2022"]
[Site "Unna"]
[Date "2022.12.29"]
[Round "6.17"]
[White "Meyer, Ulrich"]
[Black "Rewig, Adrian"]
[Result "0-1"]
[WhiteElo "1830"]
[BlackElo "1378"]
[Annotator "Medger,Gernot"]
[PlyCount "102"]
[EventDate "2022.12.??"]
[EventType "tourn"]
[EventRounds "7"]
[EventCountry "GER"]

1. e4 c6 2. d4 d5 3. f3 dxe4 4. fxe4 e5 5. Nf3 Bg4 6. Bc4 Nd7 7. Be3 Bd6 8. c3
Qe7 9. d5 Nb6 10. Bb3 cxd5 11. Bxb6 axb6 12. Bxd5 Nf6 13. O-O O-O 14. Qb3 Bc5+
15. Kh1 Bh5 16. Nbd2 h6 17. h3 Nxd5 18. Qxd5 Rae8 19. Rad1 Qc7 20. Qb3 Kh8 21.
Qb5 f6 22. g4 Bf7 23. a3 Be3 24. Qe2 Bf4 25. c4 Ra8 26. Ra1 Rfd8 27. Rfd1 Rd7
28. b3 Rad8 29. Nf1 Rd6 30. a4 R8d7 31. Rxd6 Rxd6 32. Rd1 Qc5 33. Rxd6 Qxd6 34.
Ne1 Qb4 35. Qd1 Bg6 36. Qe2 Qxb3 37. Nd3 Qxa4 38. Nxf4 exf4 39. Nd2 Qa1+ 40.
Kg2 Qe5 41. Qd3 Kh7 42. h4 Be8 43. Nf3 Qb2+ 44. Qd2 Qxd2+ 45. Nxd2 g5 46. h5 b5
47. c5 b4 48. Kf3 Bf7 49. Ke2 b3 50. Kd3 Be6 51. Kd4 b2 0-1

[Event "Unna Open 2022"]
[Site "Unna"]
[Date "2022.12.29"]
[Round "6.18"]
[White "Siebert, Michael"]
[Black "Kampert, Andreas"]
[Result "0-1"]
[WhiteElo "1435"]
[BlackElo "1830"]
[Annotator "Medger,Gernot"]
[PlyCount "84"]
[EventDate "2022.12.??"]
[EventType "tourn"]
[EventRounds "7"]
[EventCountry "GER"]

1. c4 g6 2. g3 Bg7 3. Bg2 c5 4. Nc3 Nc6 5. Nf3 e5 6. O-O Nge7 7. d3 O-O 8. Bg5
h6 9. Bd2 d6 10. a3 a5 11. Rb1 Be6 12. Nb5 d5 13. cxd5 Nxd5 14. Nc3 Qe7 15. Qc1
g5 16. Re1 Rfd8 17. Ne4 b6 18. Nfxg5 hxg5 19. Bxg5 f6 20. Bh6 Rac8 21. Bd2 Nd4
22. Bc3 Nb3 23. Qc2 a4 24. Nd2 Nc7 25. e3 Qf7 26. f4 exf4 27. exf4 Nxd2 28.
Qxd2 Bf5 29. Be4 Bxe4 30. Rxe4 f5 31. Rxa4 Qd7 32. Ra7 Qxd3 33. Qxd3 Rxd3 34.
Bxg7 Kxg7 35. Re1 Kf6 36. Re2 Ne6 37. b4 c4 38. Rb7 Rd6 39. Rc2 c3 40. Kf1 Nd4
41. Rc1 c2 42. Rh7 Kg6 0-1

[Event "Unna Open 2022"]
[Site "Unna"]
[Date "2022.12.29"]
[Round "6.19"]
[White "Muhr, Mattis"]
[Black "Hart, Theo"]
[Result "0-1"]
[WhiteElo "1551"]
[BlackElo "1788"]
[Annotator "Medger,Gernot"]
[PlyCount "38"]
[EventDate "2022.12.??"]
[EventType "tourn"]
[EventRounds "7"]
[EventCountry "GER"]

1. d4 d5 2. c4 dxc4 3. e4 e6 4. Bxc4 Bb4+ 5. Nc3 c5 6. a3 Ba5 7. Be3 Nf6 8. f3
O-O 9. Nge2 cxd4 10. Bxd4 Nc6 11. Bc5 Re8 12. O-O Bb6 13. Qxd8 Bxc5+ 14. Qd4
Bxd4+ 15. Nxd4 Nxd4 16. Rfd1 Nc2 17. Rac1 Ne3 18. Rd4 e5 19. Nb5 exd4 0-1

[Event "Unna Open 2022"]
[Site "Unna"]
[Date "2022.12.29"]
[Round "6.20"]
[White "Krolik, Wilfried"]
[Black "Schirmbeck, Markus"]
[Result "1/2-1/2"]
[WhiteElo "1472"]
[BlackElo "1781"]
[Annotator "Medger,Gernot"]
[PlyCount "58"]
[EventDate "2022.12.??"]
[EventType "tourn"]
[EventRounds "7"]
[EventCountry "GER"]

1. e4 e6 2. d4 d5 3. exd5 exd5 4. Nf3 Bd6 5. Bd3 Bg4 6. O-O Nc6 7. c3 Qd7 8.
Re1+ Nce7 9. Nbd2 O-O-O 10. Qb3 Ng6 11. Ne5 Bxe5 12. dxe5 Re8 13. Bxg6 hxg6 14.
f3 Bf5 15. Nf1 Ne7 16. Bf4 Nc6 17. Rad1 Be6 18. Qc2 Qe7 19. Qf2 Rd8 20. b4 Kb8
21. a4 Ka8 22. Be3 d4 23. Bxd4 Nxd4 24. Rxd4 Rxd4 25. Qxd4 Rd8 26. Qe3 Qd7 27.
a5 Qd3 28. Qxd3 Rxd3 29. Rc1 g5 1/2-1/2

[Event "Unna Open 2022"]
[Site "Unna"]
[Date "2022.12.29"]
[Round "6.21"]
[White "Böse, Marc"]
[Black "Xudagulyan, Xoren"]
[Result "1/2-1/2"]
[WhiteElo "1568"]
[BlackElo "1728"]
[Annotator "Medger,Gernot"]
[PlyCount "102"]
[EventDate "2022.12.??"]
[EventType "tourn"]
[EventRounds "7"]
[EventCountry "GER"]

1. e4 e6 2. d4 d5 3. e5 c5 4. c3 Nc6 5. Nf3 Qb6 6. Bd3 cxd4 7. cxd4 Bd7 8. Bc2
Nb4 9. Nc3 Nxc2+ 10. Qxc2 Rc8 11. O-O Ne7 12. Qd2 a5 13. b3 Ng6 14. Bb2 Bb4 15.
Qe3 O-O 16. Rfc1 f6 17. exf6 Rxf6 18. Ne1 Rcf8 19. Nd3 Bd6 20. Rc2 h5 21. Nc5
Bc8 22. Rf1 Qc6 23. Qe2 Nf4 24. Qb5 Qc7 25. g3 Bxc5 26. Qxc5 Qxc5 27. dxc5 Rg6
28. Bc1 Nd3 29. Nb5 Bd7 30. Nd6 Bc6 31. Re2 Nxc5 32. Ba3 b6 33. Rfe1 e5 34.
Rxe5 Rxd6 35. Rxh5 Rdf6 36. f4 Kf7 37. Bb2 Re6 38. Rf5+ Ke7 39. Rxe6+ Nxe6 40.
Ba3+ Nc5 41. Rg5 Rf7 42. Re5+ Kd7 43. h4 Re7 44. Rg5 Rf7 45. Bb2 Ne4 46. Rg6
Nf6 47. g4 Kc7 48. Be5+ Kd7 49. Bd4 Kc7 50. Be5+ Kb7 51. h5 Ne8 {Rest nicht
lesbar} 1/2-1/2

[Event "Unna Open 2022"]
[Site "Unna"]
[Date "2022.12.29"]
[Round "6.22"]
[White "Ait Khouya, Muhammad"]
[Black "Zuleger, Detlev"]
[Result "0-1"]
[WhiteElo "1277"]
[BlackElo "1705"]
[Annotator "Medger,Gernot"]
[PlyCount "74"]
[EventDate "2022.12.??"]
[EventType "tourn"]
[EventRounds "7"]
[EventCountry "GER"]

1. e4 c5 2. d4 cxd4 3. c3 d5 4. exd5 Qxd5 5. cxd4 Nc6 6. Nf3 Bg4 7. Nc3 Qa5 8.
Be3 e6 9. a3 Nf6 10. h3 Bh5 11. Be2 Nd5 12. Qb3 Rb8 13. O-O Nxe3 14. fxe3 Be7
15. Qb5 Qxb5 16. Bxb5 O-O 17. Bxc6 bxc6 18. b4 a5 19. bxa5 Bxf3 20. Rxf3 Ra8
21. Rf2 Rxa5 22. Rfa2 Rfa8 23. a4 g6 24. g4 c5 25. Kf2 Bf6 26. Ne4 Be7 27. dxc5
Bxc5 28. Nxc5 Rxc5 29. a5 Ra6 30. e4 h5 31. gxh5 gxh5 32. Ra3 h4 33. Kf3 f5 34.
exf5 exf5 35. Kf4 Kg7 36. Kg5 Rg6+ 37. Kxh4 Rc8 0-1

[Event "Unna Open 2022"]
[Site "Unna"]
[Date "2022.12.29"]
[Round "6.23"]
[White "Pickhard, Tobias"]
[Black "Sviridov, Vitaliy"]
[Result "1-0"]
[WhiteElo "1673"]
[BlackElo "1462"]
[Annotator "Medger,Gernot"]
[PlyCount "87"]
[EventDate "2022.12.??"]
[EventType "tourn"]
[EventRounds "7"]
[EventCountry "GER"]

1. e4 d5 2. exd5 Qxd5 3. Nc3 Qd6 4. d4 c6 5. Nf3 Nf6 6. Bd3 Bg4 7. h3 Bxf3 8.
Qxf3 Nbd7 9. Be3 e6 10. O-O-O Qc7 11. g4 Nb6 12. Kb1 Bd6 13. Ne4 Nxe4 14. Qxe4
Nd5 15. Bc1 O-O-O 16. c4 Nf6 17. Qf3 b6 18. g5 Ne8 19. c5 bxc5 20. Ba6+ Kb8 21.
Rd3 c4 22. Bxc4 Qd7 23. Rb3+ Kc7 24. Qc3 Qc8 25. Qa5+ Kd7 26. Ba6 Qa8 27. Bb7
Bc7 28. Qa4 Qxb7 29. Rxb7 Nd6 30. Rxa7 Nb5 31. Ra6 Rb8 32. Qc4 Rb6 33. Rxb6
Bxb6 34. Be3 Rb8 35. Rc1 Na7 36. d5 Bxe3 37. dxc6+ Kc7 38. fxe3 Nb5 39. Qf4+
Nd6 40. Qa4 Nb5 41. Qa5+ Rb6 42. a4 Nd6 43. Qa7+ Kc8 44. Qxb6 1-0

[Event "Unna Open 2022"]
[Site "Unna"]
[Date "2022.12.29"]
[Round "6.24"]
[White "Bertschik, Jonas"]
[Black "Muhr, Martin"]
[Result "1-0"]
[WhiteElo "1637"]
[BlackElo "1127"]
[Annotator "Medger,Gernot"]
[PlyCount "76"]
[EventDate "2022.12.??"]
[EventType "tourn"]
[EventRounds "7"]
[EventCountry "GER"]

1. d4 d6 2. c4 Nd7 3. Nc3 c5 4. d5 Ngf6 5. e4 g6 6. Nf3 Bg7 7. Bd3 O-O 8. O-O
Ng4 9. h3 Nge5 10. Be2 Nxf3+ 11. Bxf3 Ne5 12. Be2 f5 13. f4 Nf7 14. Bd3 Nh6 15.
Qc2 e5 16. fxe5 fxe4 17. Rxf8+ Qxf8 18. Bxe4 dxe5 19. Be3 Nf5 20. Rf1 b6 21. g4
Qe7 22. gxf5 Bxf5 23. Bxf5 gxf5 24. Qxf5 Rf8 25. Qe6+ Qxe6 26. Rxf8+ Kxf8 27.
dxe6 Ke7 28. Nb5 Kxe6 29. Nxa7 e4 30. b3 Bd4 31. Kf2 Kf5 32. Nc8 h5 33. Nxb6
Bxe3+ 34. Kxe3 Kg5 35. Kxe4 Kh4 36. Nd5 Kxh3 37. Nf4+ Kg4 38. Nxh5 Kxh5 1-0

[Event "Unna Open 2022"]
[Site "Unna"]
[Date "2022.12.29"]
[Round "6.25"]
[White "Nadan, Nikolas"]
[Black "Pollerberg, Amelie"]
[Result "1-0"]
[WhiteElo "1634"]
[BlackElo "1454"]
[Annotator "Medger,Gernot"]
[PlyCount "71"]
[EventDate "2022.12.??"]
[EventType "tourn"]
[EventRounds "7"]
[EventCountry "GER"]

1. e4 c5 2. Nc3 Nc6 3. Bb5 a6 4. Bxc6 bxc6 5. f4 d5 6. d3 e6 7. Nf3 g6 8. O-O
Bg7 9. e5 Ne7 10. Bd2 O-O 11. Na4 c4 12. dxc4 dxc4 13. Qe2 a5 14. Rfd1 Ba6 15.
Nc5 Qb6 16. Qf2 Rfd8 17. Nxa6 Qxa6 18. Qc5 Bf8 19. Qf2 Nd5 20. Qh4 Qb6+ 21. Kh1
Qxb2 22. Bxa5 Rdb8 23. Bc7 Nxc7 24. Ng5 h6 25. Nxf7 Nd5 26. Nxh6+ Bxh6 27. Qxh6
Ne7 28. Qg5 Ra7 29. Qf6 Qxc2 30. Qxe6+ Kf8 31. Qf6+ Kg8 32. Qe6+ Kh7 33. Rac1
Qe4 34. Rd7 Rbb7 35. Qxe7+ Kh6 36. Qh7# 1-0

[Event "Unna Open 2022"]
[Site "Unna"]
[Date "2022.12.29"]
[Round "6.26"]
[White "Zeitz, Max"]
[Black "Pennekamp, Christoph"]
[Result "1-0"]
[WhiteElo "1619"]
[BlackElo "1313"]
[Annotator "Medger,Gernot"]
[PlyCount "41"]
[EventDate "2022.12.??"]
[EventType "tourn"]
[EventRounds "7"]
[EventCountry "GER"]

1. e4 c6 2. d4 d5 3. Nd2 dxe4 4. Nxe4 Bf5 5. Ng3 Bg6 6. N1e2 h6 7. Nf4 Bh7 8.
c3 Nf6 9. Bd3 Bxd3 10. Nxd3 Qc7 11. Bf4 Qb6 12. O-O e6 13. Re1 Be7 14. Nh5 Rg8
15. Nxf6+ gxf6 16. Qh5 Nd7 17. Rxe6 Qb5 18. Qxb5 cxb5 19. Re2 Nb6 20. Rae1 Nd5
21. Bd6 1-0

[Event "Unna Open 2022"]
[Site "Unna"]
[Date "2022.12.29"]
[Round "6.27"]
[White "Menne, Klaus"]
[Black "Schulte, Tobias"]
[Result "1-0"]
[WhiteElo "1389"]
[BlackElo "1751"]
[Annotator "Medger,Gernot"]
[PlyCount "94"]
[EventDate "2022.12.??"]
[EventType "tourn"]
[EventRounds "7"]
[EventCountry "GER"]

1. e4 c6 2. Nc3 d5 3. d3 d4 4. Nce2 c5 5. h3 Nc6 6. a3 Nf6 7. Ng3 e5 8. Be2 Bd6
9. Bg5 h6 10. Bxf6 Qxf6 11. Bg4 O-O 12. Bxc8 Raxc8 13. Qg4 Ne7 14. Nh5 Qg6 15.
Qxg6 Nxg6 16. Nf3 c4 17. O-O cxd3 18. cxd3 Rc2 19. b4 Rfc8 20. Ng3 Ne7 21. Rfd1
Kf8 22. Nh5 R8c7 23. g4 Nc8 24. Ng3 g6 25. h4 Nb6 26. h5 Na4 27. g5 Kg7 28.
gxh6+ Kxh6 29. hxg6 fxg6 30. Kg2 Kg7 31. Rh1 Rb2 32. Rh4 Rcc2 33. Rf1 Nc3 34.
Rg4 Kf6 35. Nh4 g5 36. Nh5+ Ke6 37. Rxg5 Ne2 38. Rg6+ Kd7 39. Nf5 Bc7 40. Rg7+
Kc6 41. Ne7+ Kb5 42. Nd5 Bd8 43. Rxb7+ Ka6 44. Rb8 Bh4 45. Kh3 Bg5 46. Kg4 Bf4
47. Nhf6 Rc6 1-0

[Event "Unna Open 2022"]
[Site "Unna"]
[Date "2022.12.29"]
[Round "6.28"]
[White "Eiden, Markus"]
[Black "Koch, Lennard"]
[Result "1-0"]
[WhiteElo "1744"]
[BlackElo "1358"]
[Annotator "Medger,Gernot"]
[PlyCount "95"]
[EventDate "2022.12.??"]
[EventType "tourn"]
[EventRounds "7"]
[EventCountry "GER"]

1. e4 e5 2. Nf3 Nc6 3. d4 exd4 4. Bc4 Bc5 5. c3 Qf6 6. O-O Ne5 7. Nxe5 Qxe5 8.
Qf3 Nf6 9. Re1 O-O 10. Bf4 Qh5 11. Qxh5 Nxh5 12. Bxc7 dxc3 13. Nxc3 Nf6 14.
Rad1 a6 15. e5 Ne8 16. Bd8 b5 17. Bd5 Rb8 18. Ne4 Bb4 19. Re3 Bb7 20. Bxb7 Rxd8
21. Bxa6 Nc7 22. Bb7 Rb8 23. Bd5 Rfe8 24. Ng3 Bc5 25. Rf3 Ne6 26. Bb3 Rb7 27.
Ne4 Re7 28. Bxe6 Rc7 29. Bb3 Rxe5 30. Nxc5 Rexc5 31. Rxf7 d5 32. Rxc7 Rxc7 33.
g3 g6 34. Rxd5 Kg7 35. Rxb5 Rc1+ 36. Kg2 Rb1 37. Bd5 g5 38. Be4 Re1 39. Rxg5+
Kh6 40. Rg4 Kh5 41. Rf4 Kh6 42. Bf3 Ra1 43. a4 Rc1 44. a5 Ra1 45. b4 Rb1 46. a6
Rb2 47. a7 Ra2 48. a8=Q 1-0

[Event "Unna Open 2022"]
[Site "Unna"]
[Date "2022.12.29"]
[Round "6.29"]
[White "Jäger, Jeremy"]
[Black "Konrad, Alechander"]
[Result "0-1"]
[WhiteElo "1299"]
[BlackElo "1658"]
[Annotator "Medger,Gernot"]
[PlyCount "58"]
[EventDate "2022.12.??"]
[EventType "tourn"]
[EventRounds "7"]
[EventCountry "GER"]

1. e4 e6 2. d4 d5 3. exd5 exd5 4. Nf3 Bd6 5. Bd3 Bg4 6. O-O c6 7. Re1+ Ne7 8.
c3 Qc7 9. h3 Bh5 10. Nbd2 Nd7 11. Nf1 O-O-O 12. b4 f6 13. a4 g5 14. Bd2 h6 15.
b5 c5 16. c4 g4 17. hxg4 Bxg4 18. cxd5 Kb8 19. Rc1 Nxd5 20. Be4 Nf4 21. Bxf4
Bxf4 22. Rc3 Rhg8 23. Qc2 h5 24. Bf5 Qa5 25. Bxg4 hxg4 26. N3d2 cxd4 27. Ra3
Qb4 28. Rea1 Ne5 29. Ne4 d3 0-1

[Event "Unna Open 2022"]
[Site "Unna"]
[Date "2022.12.29"]
[Round "6.30"]
[White "Neumann, Michael"]
[Black "Willems, Marcus"]
[Result "0-1"]
[WhiteElo "1298"]
[BlackElo "1628"]
[Annotator "Medger,Gernot"]
[PlyCount "51"]
[EventDate "2022.12.??"]
[EventType "tourn"]
[EventRounds "7"]
[EventCountry "GER"]

1. e4 c5 2. Nc3 Nc6 3. f4 g6 4. Nf3 Bg7 5. Bb5 Nd4 6. Nxd4 Bxd4 7. Ne2 Bg7 8.
O-O a6 9. Bc4 e6 10. a3 b5 11. Ba2 Ne7 12. d3 O-O 13. Qe1 Bb7 14. Qg3 d5 15. e5
d4 16. Qg4 h5 17. Qh3 Qc7 18. Ng3 Qc6 19. Ne4 Nf5 20. g4 hxg4 21. Qxg4 c4 22.
Qh3 Bh6 23. Kf2 cxd3 24. cxd3 Qc2+ 25. Ke1 Bxe4 26. Bb1 0-1

[Event "Unna Open 2022"]
[Site "Unna"]
[Date "2022.12.29"]
[Round "6.31"]
[White "Dziuk, Dariusz"]
[Black "Meinberger, Manfred"]
[Result "0-1"]
[WhiteElo "1161"]
[BlackElo "1593"]
[Annotator "Medger,Gernot"]
[PlyCount "70"]
[EventDate "2022.12.??"]
[EventType "tourn"]
[EventRounds "7"]
[EventCountry "GER"]

1. e4 e6 2. d4 d5 3. e5 Bd7 4. Nf3 c5 5. Be2 cxd4 6. Qxd4 Nc6 7. Qd1 Nge7 8.
O-O Ng6 9. c4 dxc4 10. Bxc4 Ncxe5 11. Qe2 Qc7 12. b3 Nxc4 13. bxc4 Bc5 14. Bb2
O-O 15. Nbd2 Bc6 16. Be5 Bxf3 17. Nxf3 Nxe5 18. Qxe5 Qxe5 19. Nxe5 Bd4 20. Rae1
Bxe5 21. Rxe5 Rfd8 22. Rb5 Rd7 23. Rfb1 Rad8 24. g3 Rd1+ 25. Rxd1 Rxd1+ 26. Kg2
Rd7 27. Rc5 Kf8 28. a4 Ke7 29. a5 a6 30. f4 Kd6 31. Re5 Rc7 32. Re4 Kc5 33. Kf3
Kb4 34. Re5 Rxc4 35. h4 Rc5 0-1

[Event "Unna Open 2022"]
[Site "Unna"]
[Date "2022.12.29"]
[Round "6.32"]
[White "Foltin, Alica"]
[Black "Jorke, Roland"]
[Result "1-0"]
[WhiteElo "1587"]
[BlackElo "1270"]
[Annotator "Medger,Gernot"]
[PlyCount "61"]
[EventDate "2022.12.??"]
[EventType "tourn"]
[EventRounds "7"]
[EventCountry "GER"]

1. e4 d5 2. exd5 Qxd5 3. Nc3 Qa5 4. Nf3 Nf6 5. Bc4 Bg4 6. O-O e6 7. d4 c6 8.
Bf4 Nbd7 9. h3 Bh5 10. Qd3 Bg6 11. Qe3 Bxc2 12. Ng5 Bg6 13. Rfe1 Be7 14. Nxe6
fxe6 15. Qxe6 Qd8 16. Bc7 Kf8 17. Bxd8 Bxd8 18. d5 Bf7 19. Qd6+ Kg8 20. dxc6
bxc6 21. Bxf7+ Kxf7 22. Qe6+ Kg6 23. Re3 Bc7 24. Rd1 Rhe8 25. Qxc6 Bb6 26. Rg3+
Kf7 27. Rxd7+ Nxd7 28. Qxd7+ Re7 29. Rxg7+ Kxg7 30. Qxe7+ Kg6 31. Qe4+ 1-0

[Event "Unna Open 2022"]
[Site "Unna"]
[Date "2022.12.29"]
[Round "6.33"]
[White "Paul, André David"]
[Black "Weiner, Timon Liam"]
[Result "1-0"]
[WhiteElo "1583"]
[BlackElo "1153"]
[Annotator "Medger,Gernot"]
[PlyCount "85"]
[EventDate "2022.12.??"]
[EventType "tourn"]
[EventRounds "7"]
[EventCountry "GER"]

1. d4 c6 2. c4 d5 3. e3 Bf5 4. Qb3 Qd7 5. cxd5 cxd5 6. Nc3 e6 7. Nf3 Nc6 8. Bb5
Bd6 9. O-O Nf6 10. Qd1 O-O 11. a3 a6 12. Bd3 Bg4 13. h3 Bh5 14. Be2 h6 15. b4
b5 16. Bb2 Bc7 17. Rc1 e5 18. dxe5 Nxe5 19. Nxe5 Bxe5 20. Bxh5 Qd6 21. Bf3 Rad8
22. Qb3 d4 23. exd4 Bxd4 24. Rcd1 Qb6 25. Nd5 Nxd5 26. Bxd4 Qe6 27. Rfe1 Qf5
28. Re5 Qg6 29. Rxd5 Rc8 30. Bc5 Rfe8 31. Qd3 Qxd3 32. R5xd3 Kh8 33. Bb7 Rb8
34. Bxa6 Kh7 35. Kf1 Kg6 36. Rd6+ Kf5 37. Rb6 Ra8 38. Rd3 Ke4 39. Re3+ Kd5 40.
Bb7+ Kc4 41. Bxa8 Rxa8 42. Rd6 Rd8 43. Rxd8 1-0

[Event "Unna Open 2022"]
[Site "Unna"]
[Date "2022.12.29"]
[Round "6.34"]
[White "Weiner, Marc"]
[Black "Naumann, Thomas"]
[Result "1/2-1/2"]
[WhiteElo "1207"]
[BlackElo "1520"]
[Annotator "Medger,Gernot"]
[PlyCount "46"]
[EventDate "2022.12.??"]
[EventType "tourn"]
[EventRounds "7"]
[EventCountry "GER"]

1. e4 c5 2. c3 Nc6 3. d4 cxd4 4. cxd4 e6 5. Nf3 h6 6. Bd3 Qb6 7. d5 exd5 8.
exd5 Nb4 9. Nc3 Nxd3+ 10. Qxd3 Bd6 11. O-O Ne7 12. b3 O-O 13. Bb2 Bb8 14. Rad1
d6 15. Na4 Qd8 16. Rfe1 Bf5 17. Qd4 f6 18. Nc3 a6 19. Ba3 Ba7 20. Qb4 Nc8 21.
Qxb7 Rb8 22. Qc6 Rb6 23. Qc4 Rf7 1/2-1/2

[Event "Unna Open 2022"]
[Site "Unna"]
[Date "2022.12.29"]
[Round "6.35"]
[White "Schirmbeck, Lilian"]
[Black "Senel, Serdar"]
[Result "1-0"]
[WhiteElo "1541"]
[BlackElo "1228"]
[Annotator "Medger,Gernot"]
[PlyCount "105"]
[EventDate "2022.12.??"]
[EventType "tourn"]
[EventRounds "7"]
[EventCountry "GER"]

1. d4 d5 2. c4 e6 3. Nc3 Nf6 4. Bg5 Nbd7 5. Nf3 b6 6. e3 Bb7 7. Be2 Be7 8. O-O
O-O 9. Qc2 Ne4 10. Bxe7 Qxe7 11. Nxe4 dxe4 12. Nd2 f5 13. a3 Rf6 14. b4 Rh6 15.
Rfc1 Qh4 16. h3 Rg6 17. Kf1 Qg5 18. g3 Rh6 19. h4 Qe7 20. Kg2 e5 21. c5 bxc5
22. dxc5 c6 23. Nc4 Nf6 24. Nd6 Ne8 25. Nxf5 Qf6 26. Nxh6+ gxh6 27. Bc4+ Kh8
28. Qxe4 Ng7 29. Bd3 Kg8 30. Qxh7+ Kf8 31. Qg6 Qe7 32. Qxh6 Qd7 33. Qf6+ Kg8
34. Rd1 Qg4 35. Bc4+ Kh7 36. Qg5 Qe4+ 37. Kg1 Bc8 38. Bf1 Bg4 39. Bd3 Qxd3 40.
Rxd3 Bf5 41. Rd8 Rxd8 42. Qxd8 Ne6 43. Qe7+ Kg6 44. e4 Bg4 45. f3 Bh3 46. h5+
Kh6 47. Qf7 Nf8 48. Qxf8+ Kxh5 49. g4+ Kh4 50. Kh2 Bxg4 51. fxg4 a5 52. Qf5 a4
53. Qh5# 1-0

[Event "Unna Open 2022"]
[Site "Unna"]
[Date "2022.12.29"]
[Round "6.37"]
[White "Naumann, Martin"]
[Black "Kommessin, Sabine"]
[Result "1-0"]
[WhiteElo "1511"]
[BlackElo "1111"]
[Annotator "Medger,Gernot"]
[PlyCount "91"]
[EventDate "2022.12.??"]
[EventType "tourn"]
[EventRounds "7"]
[EventCountry "GER"]

1. e4 e5 2. Nf3 Nc6 3. Bc4 Bc5 4. O-O d6 5. d3 h6 6. h3 Nf6 7. c3 a6 8. Be3
Bxe3 9. fxe3 Qe7 10. Qc2 g5 11. Nh2 g4 12. hxg4 Rh7 13. Qf2 Nxg4 14. Nxg4 Bxg4
15. Nd2 O-O-O 16. Bxf7 Kb8 17. Qf6 Qd7 18. Qg6 Rhh8 19. Rf2 h5 20. Raf1 h4 21.
Kh2 h3 22. g3 Bh5 23. Qe6 Qxe6 24. Bxe6 Rh6 25. Bf5 Ne7 26. g4 Be8 27. Rf3 Bb5
28. c4 Nxf5 29. exf5 Bc6 30. e4 Rdh8 31. Rg1 Rh4 32. g5 Bd7 33. g6 Be8 34. g7
Rg8 35. Rxh3 Rxh3+ 36. Kxh3 Kc8 37. Kh4 Kd7 38. f6 Ke6 39. Kg5 c6 40. Rh1 Bf7
41. Rh8 b5 42. Nf3 d5 43. cxd5+ cxd5 44. exd5+ Kxd5 45. Rxg8 Bxg8 46. Kg6 1-0